Statistics for All Songs by Magnum

Click here to take the quiz!

General Stats

  • This quiz has been taken 25 times
  • The average score is 29 of 194

Answer Stats

AlbumSong% Correct
Kingdom of Madness
91%
On a Storyteller's Night
82%
Vigilante
82%
Brand New MorningBrand New Morning
73%
Don't Wake the Lion (Too Old to Die Young)
73%
Les Morts Dansant
64%
Changes
55%
Pray for the Day
55%
Goodnight L.A.Rockin' Chair
55%
Princess Alice and the Broken ArrowWhen We Were Younger
55%
Lost on the Road to Eternity
45%
Sacred Blood "Divine" LiesSacred Blood "Divine" Lies
45%
The Blue and the Grey
45%
The Moonking
45%
Two Hearts
45%
Universe
45%
Baby Rock Me
36%
Kingdom of MadnessIn the Beginning
36%
Midnight (You Won't be Sleeping)
36%
On the 13th Day
36%
Lost on the Road to EternityPeaches and Cream
36%
The Last Dance
36%
The Spirit
36%
The Tall Ships
36%
The Visitation
36%
When the World Comes Down
36%
All England's Eyes
27%
Back Street Kid
27%
Blood Red Laughter
27%
Dragons Are Real
27%
Magnum IIGreat Adventure
27%
Invasion
27%
Need a Lot of Love
27%
Out of the Shadows
27%
Red on the Highway
27%
Sacred Hour
27%
Sleepwalking
27%
Chase the DragonSoldier of the Line
27%
Start Talking Love
27%
Wild Swan
27%
All Come Together
18%
All of My Life
18%
All that is Real
18%
Wings of HeavenDays of No Trust
18%
Don't Fall Asleep
18%
Every Woman, Every Man
18%
Firebird
18%
Glory to Ashes
18%
It Must Have Been Love
18%
I Will Decide Myself
18%
Just Like an Arrow
18%
King of the World
18%
Like Brothers We Stand
18%
Escape From the Shadow GardenLive 'Til You Die
18%
VigilanteLonely Night
18%
Lords of Chaos
18%
On Christmas Day
18%
One Step Away
18%
Only a Memory
18%
Only in America
18%
Shadow Town
18%
Shoot
18%
Show Me Your Hands
18%
Spin Like a Wheel
18%
Tell Tale Eyes
18%
The Lights Burned Out
18%
The Eleventh HourThe Prize
18%
The Teacher
18%
Unwritten Sacrifice
18%
Wild Angels
18%
You'll Never Sleep
18%
A Face in the Crowd
9%
Afraid Of the Night
9%
On the 13th DayAll the Dreamers
9%
Before First Light
9%
The VisitationBlack Skies
9%
Blood On Your Barbed Wire Thorns
9%
Born to be King
9%
Breakdown
9%
Breath of Life
9%
Bringer
9%
Crazy Old Mothers
9%
Breath of LifeCry
9%
Cry to Yourself
9%
Didn't Like You Anyway
9%
Different Worlds
9%
Don't Cry Baby
9%
Endless Love
9%
Foolish Heart
9%
From Within
9%
Gypsy Queen
9%
Hard Road
9%
Heartbroke and Busted
9%
Hit and Run
9%
Holy Rider
9%
On a Storyteller's NightHow Far Jeruselem
9%
If I Could Live Forever
9%
Immigrant Son
9%
In My Mind's Eye
9%
Into the Valley of the MoonkingIntro
9%
It's Time to Come Together
9%
Just Like January
9%
Just One More Heartbreak
9%
Just This Side of Heaven
9%
Love's a Stranger
9%
Mama
9%
Matter of Survival
9%
Midnight Angel
9%
Midnight Kings
9%
Mother Nature's Final Dance
9%
No Way Out
9%
Putting Things In Place
9%
Reborn
9%
So Cold the Night
9%
So Far Away
9%
So Let It Rain
9%
Sometime Love
9%
Stayin' Alive
9%
Still
9%
Storm Baby
9%
SleepwalkingStormy Weather
9%
Thank You for the Day
9%
The Art of Compromise
9%
The Flood (Red Cloud's War)
9%
The Last GoodBye
9%
The Long Ride
9%
The Scarecrow
9%
The Word
9%
Tonight's the Night
9%
Too Many Clowns
9%
Vicious Companions
9%
Rock ArtWe All Need to be Loved
9%
We all Play the Game
9%
We All Run
9%
Welcome to the Cosmic Cabaret
9%
Wisdom's Had Its Day
9%
Without Love
9%
Young and Precious Souls
9%
Your Dreams Won't Die
9%
A Forgotten Conversation
0%
After the Rain
0%
All My Bridges
0%
Back in Your Arms Again
0%
Be Strong
0%
Broken Promises
0%
Broken Wheel
0%
Burning River
0%
Cry for You
0%
Crying in the Rain
0%
Dance of the Black Tattoo
0%
Desperate Times
0%
Doors to Nowhere
0%
Dream About You
0%
Everyday
0%
Eyes Wide Open
0%
Falling for the Big Plan
0%
Feels Like Treason
0%
Forbidden Masquerade
0%
Freedom Day
0%
Hard Hearted Woman
0%
Hush-A-Bye Baby
0%
I'd Breathe for You
0%
If I Ever Lose My Mind
0%
Inside Your Head
0%
Let Somebody In
0%
Night After Night
0%
No One Knows His Name
0%
One Night of Passion
0%
On the Edge of the World
0%
Prayer for a Stranger
0%
Princess In Rags (The Cult)
0%
Quiet Rhapsody
0%
Reckless Man
0%
Road to Paradise
0%
Rock Heavy
0%
See How They Fall
0%
Steal Your Heart
0%
Take Me to the Edge
0%
Tell Me What You've Got to Say
0%
That Holy Touch
0%
The Battle
0%
The Face of an Enemy
0%
The Great Disaster
0%
The Last Frontier
0%
The Valley of Tears
0%
This Heart
0%
Time to Cross That River
0%
Too Much to Ask
0%
Twelve Men Wise and Just
0%
Walking the Straight Line
0%
What Kind of Love is This?
0%
Ya Wanna Be Someone
0%
You're the One
0%
Your Lies
0%

Score Distribution

Percentile by Number Answered

Percent of People with Each Score

Your Score History

You have not taken this quiz